000 00465nam a2200181Ia 4500
005 20250326141709.0
008 250326s9999 xx 000 0 und d
037 _aTextbook
040 _aFMSL
_beng
_cFMSL
041 _aeng
_2eng
084 _aX:8D M5;1
_qFMSL
100 _aKim Suk H
245 0 _aFice Principles
_cKim Suk H
260 _aRoston
_bRoston, Reston
_c1985
300 _a477p
942 _cTB
_hX:8D M5;1
999 _c1291544
_d1291544